Windows NT System-Administration
| Authors: | ; |
|---|---|
| Format: | Print Book |
| Language: | German |
| Published: |
Cambridge Köln [u.a.]
O'Reilly
1998
|
| In: | Year: 1998 |
| Edition: | 1. Aufl., dt. Ausg |
| Online Access: |
Cover Cover Contents Inhaltstext (Publisher) Publisher information |
| Availability in Tübingen: | Present in Tübingen. IFK: H I 178 |
| Check availability: | HBZ Gateway |
| Subito Delivery Service: | Order now. |
| Keywords: |
MARC
| LEADER | 00000cam a2200000 c 4500 | ||
|---|---|---|---|
| 001 | 247706825 | ||
| 003 | DE-627 | ||
| 005 | 20260206194244.0 | ||
| 007 | tu | ||
| 008 | 980818s1998 xxk||||| 00| ||ger c | ||
| 015 | |a 98,N35,0501 |2 dnb | ||
| 015 | |a 98,A43,0811 |2 dnb | ||
| 016 | 7 | |a 953529746 |2 DE-101 | |
| 020 | |a 3897211181 |c : 79.00 (kart.) |9 3-89721-118-1 | ||
| 035 | |a (DE-627)247706825 | ||
| 035 | |a (DE-603)059438851 | ||
| 035 | |a (DE-576)068424876 | ||
| 035 | |a (DE-599)GBV247706825 | ||
| 035 | |a (OCoLC)845110564 | ||
| 035 | |a (OCoLC)75938083 | ||
| 035 | |a (ZBM)0896.68027 | ||
| 040 | |a DE-627 |b ger |c DE-627 |e rakwb | ||
| 041 | |a ger | ||
| 044 | |c XA-GB |c XA-DE |c XA-FR | ||
| 084 | |a 28 |2 sdnb | ||
| 084 | |a ST 261 |2 rvk |0 (DE-625)rvk/143633: | ||
| 084 | |a ST 281 |2 rvk |0 (DE-625)rvk/143646: | ||
| 084 | |a ST 267 |2 rvk |0 (DE-625)rvk/143635: | ||
| 084 | |a *68N25 |2 msc | ||
| 084 | |a 68-01 |2 msc | ||
| 084 | |a 54.54 |2 bkl | ||
| 100 | 1 | |a Frisch, Aeleen |0 (DE-588)11444949X |0 (DE-627)581090462 |0 (DE-576)169617238 |4 aut | |
| 109 | |a Frisch, Aeleen |a Frisch, Æleen | ||
| 240 | 1 | 0 | |a Essential Windows NT system administration <dt.> |
| 245 | 1 | 0 | |a Windows NT System-Administration |c Æleen Frisch. Dt. Übers. von Andreas Roeschies |
| 250 | |a 1. Aufl., dt. Ausg | ||
| 263 | |a ca. DM 79.00 | ||
| 264 | 1 | |a Cambridge |a Köln [u.a.] |b O'Reilly |c 1998 | |
| 300 | |a XVI, 496 S |b Ill |c 23 cm | ||
| 336 | |a Text |b txt |2 rdacontent | ||
| 337 | |a ohne Hilfsmittel zu benutzen |b n |2 rdamedia | ||
| 338 | |a Band |b nc |2 rdacarrier | ||
| 505 | 8 | |a Literaturverz. S. 435 - 438 | |
| 546 | |a Aus dem Engl. übers | ||
| 583 | 1 | |a Archivierung prüfen |c 20240324 |f DE-4165 |z 2 |2 pdager | |
| 650 | 0 | 7 | |0 (DE-588)4424438-1 |0 (DE-627)215823281 |0 (DE-576)212301896 |a Windows NT 4.0 |2 gnd |
| 650 | 0 | 7 | |0 (DE-588)4257084-0 |0 (DE-627)104677678 |0 (DE-576)210560851 |a Systemverwaltung |2 gnd |
| 689 | 0 | 0 | |d s |0 (DE-588)4424438-1 |0 (DE-627)215823281 |0 (DE-576)212301896 |a Windows NT 4.0 |2 gnd |
| 689 | 0 | 1 | |d s |0 (DE-588)4257084-0 |0 (DE-627)104677678 |0 (DE-576)210560851 |a Systemverwaltung |2 gnd |
| 689 | 0 | |5 DE-101 | |
| 700 | 1 | |a Roeschies, Andreas |e Bearb. |4 adp | |
| 700 | 1 | 2 | |a Frisch, Aeleen |t Essential Windows NT system administration <dt.> |
| 856 | 4 | 2 | |u https://swbplus.bsz-bw.de/bsz068424876cov.jpg |m V:DE-576 |v 2007-12-14 |3 Cover |7 1 |
| 856 | 4 | 2 | |u https://swbplus.bsz-bw.de/bsz068424876vlg.htm |m V:DE-576 |v 2006-04-13 |3 Inhaltstext |7 1 |
| 856 | 4 | 2 | |u https://zbmath.org/?q=an:0896.68027 |m B:ZBM |v 2021-04-12 |x Verlag |y Zentralblatt MATH |3 Inhaltstext |7 1 |
| 856 | 4 | 2 | |u http://scans.hebis.de/HEBCGI/show.pl?05943885_vlg.html |m V:DE-576 |q text/html |3 Verlagsinformation |7 1 |
| 856 | 4 | 2 | |u http://scans.hebis.de/HEBCGI/show.pl?05943885_cov.jpg |m V:DE-576 |q image/jpeg |3 Cover |7 1 |
| 935 | |i Blocktest | ||
| 936 | r | v | |a ST 261 |b Einzelne Betriebssysteme (A-Z) |k Informatik |k Monografien |k Software und -entwicklung |k Betriebssysteme |k Einzelne Betriebssysteme (A-Z) |0 (DE-627)1270788531 |0 (DE-625)rvk/143633: |0 (DE-576)200788531 |
| 936 | r | v | |a ST 281 |b Einzelne Benutzerschnittstellen (A-Z) |k Informatik |k Monografien |k Software und -entwicklung |k Einzelne Benutzerschnittstellen (A-Z) |0 (DE-627)1271479354 |0 (DE-625)rvk/143646: |0 (DE-576)201479354 |
| 936 | r | v | |a ST 267 |b Protokollierung |k Informatik |k Monografien |k Software und -entwicklung |k Protokollierung |0 (DE-627)1271479044 |0 (DE-625)rvk/143635: |0 (DE-576)201479044 |
| 936 | b | k | |a 54.54 |j Betriebssysteme |x Informatik |0 (DE-627)106418904 |
| 936 | s | n | |a s200 |2 mzub |
| 951 | |a BO | ||
| ELC | |b 1 | ||
| LOK | |0 000 xxxxxcx a22 zn 4500 | ||
| LOK | |0 001 3266294408 | ||
| LOK | |0 003 DE-627 | ||
| LOK | |0 004 247706825 | ||
| LOK | |0 005 20100920143141 | ||
| LOK | |0 008 990628||||||||||||||||ger||||||| | ||
| LOK | |0 040 |a DE-21-110 |c DE-627 |d DE-21-110 | ||
| LOK | |0 852 |a DE-21-110 | ||
| LOK | |0 852 1 |c H I 178 |m p |9 00 | ||
| LOK | |0 935 |a k110 | ||
| LOK | |0 936ln |a 6.1 | ||
| LOK | |0 938 |k p | ||
| LOK | |0 939 |a 28-06-99 |b l01 | ||
| ORI | |a SA-MARC-krimdoka001.raw | ||
| SIG | |a IFK: H I 178 | ||
